Devdas (Record no. 20324)
[ view plain ]
| 000 -LEADER | |
|---|---|
| fixed length control field | 02693ngm a2200445 4500 |
| 003 - CONTROL NUMBER IDENTIFIER | |
| control field | dpl |
| 005 - DATE AND TIME OF LATEST TRANSACTION | |
| control field | 2008122906516.0 |
| 007 - PHYSICAL DESCRIPTION FIXED FIELD--GENERAL INFORMATION | |
| fixed length control field | DVD |
| 008 - FIXED-LENGTH DATA ELEMENTS--GENERAL INFORMATION | |
| fixed length control field | ||||||sp199 xxu|||||c ||| 00| 0 ng d |
| 010 ## - LIBRARY OF CONGRESS CONTROL NUMBER | |
| LC control number | DVD-001651-1653 & DVD-005604-5608 |
| 024 ## - OTHER STANDARD IDENTIFIER | |
| Standard number or code | SHE DVD 088 |
| Terms of availability | 169.00 |
| 035 ## - SYSTEM CONTROL NUMBER | |
| System control number | DVD-001651-1653 |
| 035 ## - SYSTEM CONTROL NUMBER | |
| System control number | DVD-005604-5608 |
| 040 ## - CATALOGING SOURCE | |
| Original cataloging agency | DPL |
| Transcribing agency | DPL |
| 082 ## - DEWEY DECIMAL CLASSIFICATION NUMBER | |
| Classification number | DVD / CHAS |
| 245 ## - TITLE STATEMENT | |
| Title | Devdas |
| Statement of responsibility, etc | Bimal Roy Production Presents |
| Medium | [videorecording] DVD/ |
| 260 ## - PUBLICATION, DISTRIBUTION, ETC. (IMPRINT) | |
| Name of publisher, distributor, etc | Shemaroo Video Pvt. Ltd. |
| 300 ## - PHYSICAL DESCRIPTION | |
| Extent | 1 videodisc DVD; (154 min.) : |
| Other physical details | sd., col. ; |
| Dimensions | 4 3/4 in. |
| Type of unit | DVD |
| 440 ## - SERIES STATEMENT/ADDED ENTRY--TITLE | |
| Title | Shemaroo Home Entertainment |
| 500 ## - GENERAL NOTE | |
| General note | Digitally Re-Mastered From the Original Film |
| 538 ## - SYSTEM DETAILS NOTE | |
| System details note | Dolby Digital 5.1 - Hindi Subtitles: English |
| 650 ## - SUBJECT ADDED ENTRY--TOPICAL TERM | |
| Topical term or geographic name as entry element | Motion Picture |
| 700 ## - ADDED ENTRY--PERSONAL NAME | |
| Personal name | Roy, Bimal |
| 700 ## - ADDED ENTRY--PERSONAL NAME | |
| Personal name | Burman, S.D |
| 700 ## - ADDED ENTRY--PERSONAL NAME | |
| Personal name | Dilip Kumar |
| 700 ## - ADDED ENTRY--PERSONAL NAME | |
| Personal name | Vyjayantimala |
| 700 ## - ADDED ENTRY--PERSONAL NAME | |
| Personal name | Sen, Suchitra |
| 700 ## - ADDED ENTRY--PERSONAL NAME | |
| Personal name | Motilal |
| 942 ## - ADDED ENTRY ELEMENTS (KOHA) | |
| Koha item type | CD-ROMs, DVDs, VHS |
| Source of classification or shelving scheme | Dewey Decimal Classification |
| Classification part | DVD |
| Call number suffix | DEVD |
| Withdrawn status | Lost status | Source of classification or shelving scheme | Damaged status | Not for loan | Home library | Current library | Date acquired | Source of acquisition | Cost, normal purchase price | Total Checkouts | Full call number | Barcode | Date last seen | Date checked out | Copy number | Cost, replacement price | Price effective from | Koha item type |
|---|---|---|---|---|---|---|---|---|---|---|---|---|---|---|---|---|---|---|
| Dewey Decimal Classification | Central Library | Central Library | 29/12/2008 | Purchase | 169.00 | 35 | DVD DEVD | DVD-001651 | 09/07/2016 | 09/07/2016 | 1 | 169.00 | 29/12/2008 | CD-ROMs, DVDs, VHS | ||||
| Dewey Decimal Classification | Janak Puri | Janak Puri | 10/02/2010 | Pioneers/948/17-11-09/325/13-10-09 /30-11-09 | 169.00 | 14 | DVD DEVD | DVD-005604 | 19/12/2014 | 08/12/2014 | 1 | 169.00 | 10/02/2010 | CD-ROMs, DVDs, VHS | ||||
| Dewey Decimal Classification | Karol Bagh | Karol Bagh | 10/02/2010 | Pioneers/948/17-11-09/325/13-10-09 /30-11-09 | 169.00 | 12 | DVD DEVD | DVD-005607 | 15/12/2014 | 12/12/2014 | 1 | 169.00 | 10/02/2010 | CD-ROMs, DVDs, VHS | ||||
| Dewey Decimal Classification | Narela | Narela | 10/02/2010 | Pioneers/948/17-11-09/325/13-10-09 /30-11-09 | 169.00 | 2 | DVD DEVD | DVD-005608 | 16/03/2011 | 05/03/2011 | 1 | 169.00 | 10/02/2010 | CD-ROMs, DVDs, VHS | ||||
| Dewey Decimal Classification | Patel Nagar | Patel Nagar | 29/12/2008 | Purchase | 169.00 | 17 | DVD DEVD | DVD-001653 | 11/01/2016 | 28/12/2015 | 1 | 169.00 | 29/12/2008 | CD-ROMs, DVDs, VHS | ||||
| Dewey Decimal Classification | R.K.Puram-8 | R.K.Puram-8 | 10/02/2010 | Pioneers/948/17-11-09/325/13-10-09 /30-11-09 | 169.00 | 2 | DVD DEVD | DVD-005605 | 10/12/2011 | 27/08/2011 | 1 | 169.00 | 10/02/2010 | CD-ROMs, DVDs, VHS | ||||
| Dewey Decimal Classification | Sarojini Nagar | Sarojini Nagar | 29/12/2008 | Purchase | 169.00 | 16 | DVD DEVD | DVD-001652 | 16/02/2016 | 13/01/2016 | 1 | 169.00 | 29/12/2008 | CD-ROMs, DVDs, VHS | ||||
| Dewey Decimal Classification | Vinoba Puri | Vinoba Puri | 10/02/2010 | Pioneers/948/17-11-09/325/13-10-09 /30-11-09 | 169.00 | 3 | DVD DEVD | DVD-005606 | 27/08/2014 | 12/08/2014 | 1 | 169.00 | 10/02/2010 | CD-ROMs, DVDs, VHS |
